Music Quiz

Random Music or Kpop Quiz

Seventeen Discography (KPop) Quiz Stats

 Plays Quiz not verified by Sporcle

Score 0/61 Timer 08:00
1 Play Today
Album Song % Correct
DIRECTOR`S CUT [2018]지금 널 찾아가고 있어 / Run to You
96.7%
17 CARAT [2015]아낀다 / Adore U
95.5%
Boys Be [2015]만세 / Mansae
93.2%
LOVE&LETTER [2016]예쁘다 / Pretty U
89.6%
TEEN, AGE [2017]박수 / Clap
88.7%
Going Seventeen [2016]붐붐 / Boom Boom
88.1%
17 CARAT [2015]Shining Diamond
86.9%
Love&Letter Repackage Album [2016]아주 NICE / Very Nice
86.2%
YOU MAKE MY DAY [2018]어쩌나 / Oh My!
85.3%
DIRECTOR`S CUT [2018]고맙다 / Thanks
82.3%
Boys Be [2015]Rock
80.6%
17 CARAT [2015]20
80.3%
17 CARAT [2015]Jam Jam
79.8%
TEEN, AGE [2017]TRAUMA
78.5%
LOVE&LETTER [2016]사랑쪽지 (Love Letter)
77.7%
Going Seventeen [2016]HIGHLIGHT
75.9%
TEEN, AGE [2017]바람개비 / Pinwheel
74.4%
TEEN, AGE [2017]CHANGE UP
74.1%
17 CARAT [2015]Ah Yeah
73.2%
Al1 [2017]MY I
72.6%
Boys Be [2015]OMG
69.7%
Boys Be [2015]표정관리 / Fronting
69.4%
LOVE&LETTER [2016]엄지척 / Chuck
69.2%
Al1 [2017]Swimming Fool
69.1%
TEEN, AGE [2017]13월의 춤 / Lilili Yabbay
68.5%
TEEN, AGE [2017]ROCKET
67.9%
TEEN, AGE [2017]Flower
66.2%
Al1 [2017]IF I
65.6%
Love&Letter Repackage Album [2016]힐링 / Healing
65.2%
Love&Letter Repackage Album [2016]NO F.U.N
63%
Going Seventeen [2016]웃음꽃 / Smile Flower
62.9%
Album Song % Correct
Al1 [2017]입버릇 / Habit
62.9%
YOU MAKE MY DAY [2018]MOONWALKER
62.8%
Al1 [2017]Crazy in Love
62.6%
YOU MAKE MY DAY [2018]Holiday
62.5%
Going Seventeen [2016]BEAUTIFUL
62.3%
Going Seventeen [2016]빠른 걸음 / Fast Pace
61.9%
Boys Be [2015]어른이 되면 / When I Grow Up
61.2%
TEEN, AGE [2017]캠프파이어 / Campfire
60.8%
Love&Letter Repackage Album [2016]SIMPLE
60.6%
LOVE&LETTER [2016]Say Yes
60%
TEEN, AGE [2017]Hello
59.7%
LOVE&LETTER [2016]유행가 / Hit Song
58%
Al1 [2017]Check-In
58%
Going Seventeen [2016]몰래 듣지 마요 / Don't Listen
57.8%
Going Seventeen [2016]기대 / Lean On Me
57.1%
TEEN, AGE [2017]모자를 눌러 쓰고 / Without You
56.9%
TEEN, AGE [2017]날 쏘고 가라 / Bring It
56.9%
LOVE&LETTER [2016]떠내려가 / Drift Away
56.1%
LOVE&LETTER [2016]이놈의 인기 / Still Lonely
55.6%
DIRECTOR`S CUT [2018]Thinkin` about you
55.3%
DIRECTOR`S CUT [2018]Falling For U
54.3%
Al1 [2017]울고 싶지 않아 / Don't Wanna Cr
51.9%
YOU MAKE MY DAY [2018]What`s Good
51.8%
Going Seventeen [2016]글쎄 / I Don't Know
50.6%
YOU MAKE MY DAY [2018]나에게로 와 / Come To Me
50.4%
Love&Letter Repackage Album [2016]끝이 안보여 / Can't See The End
48%
Al1 [2017]WHO
43.6%
TEEN, AGE [2017]Intro. 新世界 / New World
43.1%
TEEN, AGE [2017]Outro. 未完 / Incompletion
38.7%
YOU MAKE MY DAY [2018]우리의 새벽은 낮보다 뜨겁다 / Our Dawn Is Hotter Tan Day
6%

You're not logged in!

Compare scores with friends on all Sporcle quizzes.
OR
Log In

Show Comments

Extras

Top Quizzes Today


Score Distribution

Your Account Isn't Verified!

In order to create a playlist on Sporcle, you need to verify the email address you used during registration. Go to your Sporcle Settings to finish the process.

Report this User

Report this user for behavior that violates our Community Guidelines.

Details: